000
00320nam a2200109 a 4500
005
20201002044908.0
008
140401s1970 000 spa d
100
_a
Vélez de Guevara, Luis
_9
71475
245
3
_a
El diablo cojuelo : reinar después de morir.
260
_a
Madrid -- Libra,
_c
1970 -- 188 p.
999
_c
43130
_d
43130
040
_a
DO-SdBNP